Making Business Decisions: (Record no. 5904)
[ view plain ]
| 000 -LEADER | |
|---|---|
| fixed length control field | 01282cam a2200337 a 4500 |
| 003 - CONTROL NUMBER IDENTIFIER | |
| control field | CaOONL |
| 005 - DATE AND TIME OF LATEST TRANSACTION | |
| control field | 20220712073020.0 |
| 008 - FIXED-LENGTH DATA ELEMENTS--GENERAL INFORMATION | |
| fixed length control field | 000119s2000 at ab 000 0 eng c |
| 020 ## - INTERNATIONAL STANDARD BOOK NUMBER | |
| International Standard Book Number | - |
| 040 ## - CATALOGING SOURCE | |
| Transcribing agency | ALUPE UNIVERSITY COLLEGE |
| 043 ## - GEOGRAPHIC AREA CODE | |
| Geographic area code | n-cn--- |
| 050 ## - LIBRARY OF CONGRESS CALL NUMBER | |
| Classification number | HD5351 |
| Item number | .M35 2013 |
| 055 00 - CLASSIFICATION NUMBERS ASSIGNED IN CANADA | |
| Classification number | HF5351 |
| Item number | .P42 2000 |
| 090 ## - LOCALLY ASSIGNED LC-TYPE CALL NUMBER (OCLC); LOCAL CALL NUMBER (RLIN) | |
| Classification number (OCLC) (R) ; Classification number, CALL (RLIN) (NR) | HF5351 |
| Local cutter number (OCLC) ; Book number/undivided call number, CALL (RLIN) | .P42 2000 |
| 245 00 - TITLE STATEMENT | |
| Title | Making Business Decisions: |
| Remainder of title | text and cases / |
| Statement of responsibility, etc. | Elizabeth Grasby ... [et al.]. |
| 250 ## - EDITION STATEMENT | |
| Edition statement | 6th ed. |
| 260 ## - PUBLICATION, DISTRIBUTION, ETC. | |
| Place of publication, distribution, etc. | Canada ; |
| -- | Canada : |
| Name of publisher, distributor, etc. | Ivey Publishing, |
| Date of publication, distribution, etc. | c2013. |
| 300 ## - PHYSICAL DESCRIPTION | |
| Extent | 292 p. : |
| Other physical details | ill ; |
| Dimensions | 26 cm. |
| 500 ## - GENERAL NOTE | |
| General note | First ed. by M.R. Pearce, D.G. Burgoyne and J.A. Humphrey. |
| 500 ## - GENERAL NOTE | |
| General note | Previous eds. published under title: An introduction to business decision making. |
| 500 ## - GENERAL NOTE | |
| General note | "Richard Ivey School of Business, University of Western Ontario". |
| 504 ## - BIBLIOGRAPHY, ETC. NOTE | |
| Bibliography, etc. note | Includes bibliographical references. |
| 650 #0 - SUBJECT ADDED ENTRY--TOPICAL TERM | |
| Topical term or geographic name entry element | Industrial management |
| Form subdivision | Case studies. |
| 650 #0 - SUBJECT ADDED ENTRY--TOPICAL TERM | |
| Topical term or geographic name entry element | Industrial management |
| Geographic subdivision | Canada |
| Form subdivision | Case studies. |
| 650 #6 - SUBJECT ADDED ENTRY--TOPICAL TERM | |
| Topical term or geographic name entry element | Gestion d'entreprise |
| Form subdivision | Cas, Études de. |
| 650 #6 - SUBJECT ADDED ENTRY--TOPICAL TERM | |
| Topical term or geographic name entry element | Gestion d'entreprise |
| Geographic subdivision | Canada |
| Form subdivision | Cas, Études de. |
| 700 1# - ADDED ENTRY--PERSONAL NAME | |
| Personal name | Grasby, Elizabeth, |
| Dates associated with a name | 1955- |
| 710 2# - ADDED ENTRY--CORPORATE NAME | |
| Corporate name or jurisdiction name as entry element | Richard Ivey School of Business. |
| 942 ## - ADDED ENTRY ELEMENTS (KOHA) | |
| Source of classification or shelving scheme | |
| Koha item type | Book |
| 945 ## - LOCAL PROCESSING INFORMATION (OCLC) | |
| a | HF5351.P42 2000 |
| i | 30020003690122 |
| l | 010101 |
| t | 00 |
| y | ABK-5056 |
| Withdrawn status | Lost status | Source of classification or shelving scheme | Damaged status | Not for loan | Permanent Location | Current Location | Shelving location | Date acquired | Source of acquisition | Full call number | Barcode | Date last seen | Copy number | Price effective from | Koha item type | Public note | Total Checkouts |
|---|---|---|---|---|---|---|---|---|---|---|---|---|---|---|---|---|---|
| AU LIBRARY | AU LIBRARY | Open Shelf | 12.07.2022 | DONATION FROM MOI UNIVERSITY | HD5351 .M35 2013 C1 | 28002493 | 12.07.2022 | 1 | 12.07.2022 | Book | WO | ||||||
| AU LIBRARY | AU LIBRARY | Open Shelf | 12.07.2022 | DONATION FROM MOI UNIVERSITY | HD5351 .M35 2013 C2 | 28002497 | 12.07.2022 | 2 | 12.07.2022 | Book | WO | ||||||
| AU LIBRARY | AU LIBRARY | Open Shelf | 12.07.2022 | DONATION FROM MOI UNIVERSITY | HD5351 .M35 2013 C3 | 28002496 | 12.07.2022 | 3 | 12.07.2022 | Book | WO |